أسس المناهج الاجتماعية / (رقم التسجيلة. 23431)

تفاصيل مارك
000 -الفاتح
حقل البيانات ثابتة الطول 00889nam a22002171a 4500
003 - محدد رقم الضبط
رقم الضبط OSt
005 - وقت وتاريخ اخر تعامل مع التسجيلة
رقم الضبط 20150408114037.0
008 - عناصر البيانات ثابتة الطول - معلومات عامة
حقل البيانات ثابتة الطول 120520s2012 ua ||||g b 00| 0 ara d
020 ## - الرقم الدولى المعيارى للكتب
الرقم الدولى المعيارى للكتاب 9789773582610
040 ## - مصدر الفهرسة
وكالة الفهرسة الأصلية عمادة شؤون المكتبات في جامعة المجمعة
082 24 - رقم تصنيف ديوى العشرى
رقم الطبعة 21
رقم التصنيف 300.72
رقم المادة 300.72 أ س ب
100 1# - المدخل الرئيسى - إسم شخصى
الإسم الشخصى سلاطنية، بلقاسم.
9 (RLIN) 14543
245 10 - بيان العنوان
العنوان أسس المناهج الاجتماعية /
بيان المسئوليه,etc بلقاسم سلاطنية، حسان الجيلاني.
250 ## - بيان الطبعة
بيان الطبعة ط. 1.
260 ## - PUBLICATION, DISTRIBUTION, ETC. (IMPRINT)
مكان الناشر او الموزع القاهرة :
اسم الناشر او الموزع دار الفجر للنشر والتوزيع،
تاريخ النشر أو التوزيع 2012
المنتج (مطابع الدار الهندسية)
300 ## - الوصف المادى
التعداد 165 ص. ؛
أبعاد الوعاء 24 سم.
504 ## - تبصرة ببليوجرافية
تبصرة ببليوجرافية,الخ ببليوجرافية : ص. 161-165.
650 #7 - المدخل الاضافى بالموضوع-مصطلح موضوعى
مصدر الرأس أو المصطلح aucsh
مصطلح موضوعي أو اسم جغرافي كعنصر مدخل العلوم الاجتماعية
التقسيم الفرعي العام مناهج بحث
9 (RLIN) 13361
700 1# - المدخل الاضافى - اسم شخصى
الإسم الشخصى الجيلاني، حسان
9 (RLIN) 14544
942 ## - عناصر المدخل الإضافي( كوها)
مصدر التصنيف او مخطط الترفيف Dewey Decimal Classification
Koha [default] item type كتاب
المقتنيات
حالة الفقد نموذج السعر الفعال حالة تلف ليس للاعارة رقم الطلب رقم النسخة تاريخ الاكتساب الموقع الحالي الباركود موقع الترفيف الفرع الرئيسي Date last seen نوع المادة فى نظام كوها مصدر التصنيف او خطة الترفيف Total Checkouts
  2013-03-10   Not For Loan 300.72 300.72 أ س ب 1 2012-05-29 المكتبة المركزية بالمجمعة (CL) 205621 stacks td المكتبة المركزية بالمجمعة (CL) 2013-03-10 كتاب Dewey Decimal Classification  
  2013-03-10     300.72 300.72 أ س ب 2 2012-05-29 المكتبة المركزية بالمجمعة (CL) 205620 stacks td المكتبة المركزية بالمجمعة (CL) 2013-03-10 كتاب Dewey Decimal Classification  
  2013-03-10     300.72 300.72 أ س ب 3 2012-05-29 المكتبة المركزية بالمجمعة (CL) 205619 stacks td المكتبة المركزية بالمجمعة (CL) 2013-03-10 كتاب Dewey Decimal Classification  
  2013-03-10   Not For Loan 300.72 300.72 أ س ب 1 2012-05-30 مكتبة مجمع الطالبات بالمجمعة (EMF) 206133 stack td مكتبة مجمع الطالبات بالمجمعة (EMF) 2013-03-10 كتاب Dewey Decimal Classification  
  2013-03-10     300.72 300.72 أ س ب 2 2012-05-30 مكتبة مجمع الطالبات بالمجمعة (EMF) 206132 stack td مكتبة مجمع الطالبات بالمجمعة (EMF) 2013-03-10 كتاب Dewey Decimal Classification